Canada - Groups of 5 - Statistics

General Stats
  • This quiz has been taken 230 times
  • The average score is 29 of 40
Answer Stats
Hint Answer % Correct
Most Common Ethnic Origin - 1 English
99%
Most Spoken Language - 1 English
99%
Most Common Ethnic Origin - 3 French
98%
Most Spoken Language - 2 French
98%
Most Populated Metropolitan Area - 1 Toronto
98%
Visitor Country - 1 United States
98%
Most Populated Province / Territory - 2 Quebec
96%
Largest Province / Territory by Area - 2 Quebec
96%
Most Populated Province / Territory - 1 Ontario
94%
Largest Province / Territory by Area - 4 Ontario
94%
Most Populated Metropolitan Area - 3 Vancouver
94%
Most Populated Metropolitan Area - 2 Montreal
93%
Most Populated Province / Territory - 3 British Columbia
91%
Largest Province / Territory by Area - 5 British Columbia
91%
Visitor Country - 2 United Kingdom
91%
Most Populated Province / Territory - 4 Alberta
87%
Most Populated Metropolitan Area - 4 Calgary
85%
Most Practiced Religion - 1 Christianity
85%
Visitor Country - 4 France
83%
Most Populated Metropolitan Area - 5 Edmonton
81%
Most Common Ethnic Origin - 5 German
81%
Most Populated Province / Territory - 5 Manitoba
81%
Most Practiced Religion - 2 Islam
80%
Visitor Country - 3 China
79%
Most Practiced Religion - 3 Hinduism
68%
Largest Province / Territory by Area - 1 Nunavut
68%
Longest River - 2 Yukon River
65%
Most Practiced Religion - 5 Buddhism
64%
Largest Province / Territory by Area - 3 Northwest Territories
63%
Most Spoken Language - 3 Mandarin
54%
Longest River - 3 Saint Lawrence River
54%
Most Common Ethnic Origin - 4 Irish
49%
Visitor Country - 5 Germany
46%
Most Practiced Religion - 4 Sikhism
34%
Longest River - 1 Mackenzie River
31%
Most Common Ethnic Origin - 2 Scottish
29%
Most Spoken Language - 4 Cantonese
26%
Most Spoken Language - 5 Punjabi
25%
Longest River - 5 Slave River
4%
Longest River - 4 Nelson River
3%
No matching quizzes found
Score Distribution
Percent of People with Each Score
Percentile by Number Answered
Your Score History
You have not taken this quiz